000 00758cam a22002533a 4500
001 12040
003 PGUSA
005 20140828083243.0
008 040401s2004||||xxu|||||s|||||000 | eng d
040 _aPGUSA
_beng
042 _adc
050 4 _aPR
100 1 _aBeaumont, Francis,
_d1584-1616
245 1 0 _aBeaumont and Fletcher's Works (2 of 10) - the Humourous Lieutenant
_h[electronic resource] /
_cFrancis Beaumont
260 _bProject Gutenberg,
_c2004
506 _aPublic domain in the USA.
516 _aElectronic text
653 _aTragicomedy
653 _aEnglish drama -- 17th century
700 1 _aGlover, Arnold,
_d1865-1905
830 0 _aProject Gutenberg
_v12040
856 4 0 _uhttp://www.gutenberg.org/ebooks/12040
942 _cEB
999 _c241295
_d241295